000 00602nam a2200217Ia 4500
005 20260429112112.0
008 260429s9999||||xx |||||||||||||| ||und||
020 _a9781119894452
041 _aEnglish
082 _a543
_bHAM
100 _aHam, Bryan M.
245 0 _aAnalytical chemistry :
_ba toolkit for scientists and laboratory technicians /
_cBryan M. Ham
250 _a2nd ed.
260 _aNew Jersey :
_bWiley,
_c2024.
300 _axxviii, 658 p.; hb
650 _a Analytics
650 _a Laboratory technicians
650 _aChemistry
700 _a Maham, Aihui
942 _cTB
999 _c52361
_d52361